Statistics for managers : (Record no. 77365)
[ view plain ]
| 000 -LEADER | |
|---|---|
| fixed length control field | 00684nam a22002177a 4500 |
| 005 - DATE AND TIME OF LATEST TRANSACTION | |
| control field | 20130710120207.0 |
| 010 ## - LCCN (DPL NO) | |
| LC control number | ENG-107927 |
| 020 ## - INTERNATIONAL STANDARD BOOK NUMBER | |
| International Standard Book Number | 9788120348134 |
| Terms of availability | 725.00 |
| 035 ## - SYSTEM CONTROL NUMBER | |
| System control number | EN-91460 |
| 037 ## - SOURCE OF ACQUISITION | |
| Source of stock number/acquisition | DBAD/PUB |
| 100 ## - MAIN ENTRY--PERSONAL NAME | |
| Personal name | Levine, David M. |
| 245 ## - TITLE STATEMENT | |
| Title | Statistics for managers : |
| Statement of responsibility, etc | by David M. Levine, David F. Stephan [and] Kathryn A. Szabat |
| Remainder of title | using Microsoft Excel / |
| 250 ## - EDITION STATEMENT | |
| Edition statement | 7th ed |
| 260 ## - PUBLICATION, DISTRIBUTION, ETC. (IMPRINT) | |
| Place of publication, distribution, etc | Delhi |
| Name of publisher, distributor, etc | PHI Learning |
| Date of publication, distribution, etc | 2014 |
| 270 ## - ADDRESS | |
| Address | Rimjhim house, 111, Patparganj Industrial Estate |
| City | Delhi |
| Postal code | 110092 |
| 300 ## - PHYSICAL DESCRIPTION | |
| Extent | xxviii, 757p. : |
| Dimensions | 32cm(pbk) |
| Other physical details | ill. |
| 500 ## - GENERAL NOTE | |
| General note | Includes index |
| 700 ## - ADDED ENTRY--PERSONAL NAME | |
| Personal name | Stephan, David F. |
| 700 ## - ADDED ENTRY--PERSONAL NAME | |
| Personal name | Szabat, Kathryn A. |
| 942 ## - ADDED ENTRY ELEMENTS (KOHA) | |
| Source of classification or shelving scheme | Dewey Decimal Classification |
| Item type | English Books |
| Call number suffix | LEV |
| Withdrawn status | Lost status | Not for loan | Collection code | Home library | Current library | Date acquired | Source of acquisition | Cost, normal purchase price | Full call number | Barcode | Copy number | Cost, replacement price | Koha item type |
|---|---|---|---|---|---|---|---|---|---|---|---|---|---|
| Not For Loan | Non-fiction | D.B.Act.Division | D.B.Act.Division | 10/07/2013 | DBAD/PUB | 725.00 | LEV | EN-91460 | 1 | 725.00 | English Books |
